| 000 | 01174nam a22003377a 4500 | ||
|---|---|---|---|
| 003 | CHAP | ||
| 005 | 20220329141816.0 | ||
| 008 | 971013s1965 r 00010 d | ||
| 010 | _a74179 | ||
| 011 | _a75151 | ||
| 035 | _a84711 | ||
| 040 | _cCHAP | ||
| 090 | _aTesis | ||
| 100 | 0 | 0 |
_aGarza Torres, Jesús A. _947148 |
| 245 | _aEstudio agroeconómico y social del ejido San Bartolo del municipio de Cadereyta Jiménez, N.L. | ||
| 260 |
_aMonterrey, N.L. : _bEl autor, _c1965 |
||
| 300 |
_a54 h. _b: mapa : apénd. |
||
| 502 | _aTesis (Ing. Agrónomo) -- Universidad de Nuevo León. Fac. de Agronomía | ||
| 590 |
_aALEPH _b10 _c20130110 _lUCH01 _h1418 |
||
| 590 |
_aBATCH-UPD _b10 _c20130110 _lUCH01 _h0146 |
||
| 590 |
_aBATCH-UPD _b10 _c20130110 _lUCH01 _h0708 |
||
| 590 |
_aBATCH-UPD _b10 _c20130409 _lUCH01 _h2145 |
||
| 590 |
_aBATCH-UPD _b10 _c20130410 _lUCH01 _h1601 |
||
| 590 |
_aBATCH-UPD _b10 _c20130913 _lUCH01 _h2113 |
||
| 590 |
_aCONVERSION _b10 _c20130109 _lUCH01 _h1341 |
||
| 650 | 1 | 4 |
_aAgricultura _xAspectos economicos _xNuevo Leon. _91278 |
| 650 | 1 | 4 |
_aAgricultura _xNuevo León. _91755 |
| 901 | _aBK | ||
| 942 | _cTESIS | ||
| 949 |
_bBC _cTES _d-40186 _eTS1 _i84711 _si |
||
| 999 |
_c74179 _d74179 |
||